000 00314nam a2200133Ia 4500
005 20251222155049.0
008 251222s9999||||xx |||||||||||||| ||spa||
082 _aINV. 02
100 _aO.P.S.
245 0 _aCómo Estudiar un Estudio y probar Prueba
250 _a1ra. ed.
264 _bOMS/OPS
942 _cLIB
999 _c37200
_d37200